000 00679nam a2200241Ia 4500
003 OSt
005 20220918222723.0
006 a|||||r|||| 00| 0
007 ta
008 220917b |||||||| |||| 00| 0 eng d
024 _a217,971
037 _cTextual
040 _aARTS
_cARTS
_beng
041 _2eng
_aeng
082 _aD65,8(B):(S), P0
100 _aCaroll John M.
_9143900
245 0 _aMaking use
_b Scenario-based design of human-computer interactions
260 _aCambridge
_bMIT press
_c2000
300 _axiv, 368p
_ccm.
650 _aENGINEERING
_92968
942 _hD65,8(B):(S), P0
_cTEXL
_2CC
999 _c276296
_d276296